| 000 | 00580nam a2200181 a 4500 | ||
|---|---|---|---|
| 001 | 000024522 | ||
| 005 | 20200930023222.0 | ||
| 008 | 110128s1966 ve r 001 0 spa d | ||
| 040 |
_aDO-SdBNP _bspa _cBNPHU |
||
| 082 |
_ann* _bnn* |
||
| 100 | 1 |
_aFabbiani Ruiz, José. _920675 |
|
| 245 | 1 | 3 |
_aLa dolina infancia de Perucho González : _bnovela / _cJosé Fabbiani Ruiz. |
| 260 |
_aCaracas : _bUniversitaria. Universidad Central de Velezuela, _c1966. |
||
| 300 |
_a153 p. ; _c19 cm. |
||
| 490 | 1 | _aEdiciones del Rectorado | |
| 830 | 0 |
_aEdiciones del Rectorado _916172 |
|
| 049 | _aBNGR | ||
| 999 |
_c24015 _d24015 |
||